[Event "Oban Open"]
[Site "Oban"]
[Date "2015.11.22"]
[Round "4"]
[White "Robinson, Stephen"]
[Black "Phillips, David A"]
[Result "1-0"]
[WhiteElo "1753"]
[BlackElo "1985"]
[PlyCount "67"]
[EventDate "2015.10.??"]
[EventType "swiss"]
[EventRounds "5"]
[EventCountry "SCO"]
[SourceDate "2015.12.10"]

1. f4 g6 2. Nf3 Bg7 3. g3 b5 4. Bg2 Bb7 5. O-O d6 6. d3 c5 7. e4 e6 8. Nc3 b4
9. Ne2 Nc6 10. Qe1 Nge7 11. Rb1 Qa5 12. a3 O-O 13. Bd2 Qb6 14. Kh1 a5 15. a4 b3
16. c3 Ba6 17. Nc1 h5 18. Be3 d5 19. Nd2 d4 20. cxd4 Nxd4 21. Bxd4 cxd4 22. f5
e5 23. Qf2 Bh6 24. Nc4 Bxc4 25. dxc4 Rac8 26. Nd3 Rxc4 27. Nxe5 Rc2 28. Qf3 Qd6
29. Nxg6 fxg6 30. Qxb3+ Kg7 31. Qxc2 gxf5 32. exf5 d3 33. Qc3+ Rf6 34. Rbe1 1-0

[Event "Oban Open"]
[Site "Oban"]
[Date "2015.11.22"]
[Round "4"]
[White "Slinger, Anthony"]
[Black "Doyle, Jim"]
[Result "1-0"]
[WhiteElo "1926"]
[BlackElo "1891"]
[PlyCount "108"]
[EventDate "2015.10.??"]
[EventType "swiss"]
[EventRounds "5"]
[EventCountry "SCO"]
[SourceDate "2015.12.10"]

1. c4 Nf6 2. g3 e5 3. Bg2 Nc6 4. Nc3 a6 5. Nf3 Bc5 6. O-O d6 7. d3 h6 8. b3 O-O
9. e3 Rb8 10. Bb2 Bg4 11. h3 Bh5 12. g4 Bg6 13. d4 exd4 14. exd4 Ba7 15. a3 Re8
16. b4 Ne7 17. Qd2 Ne4 18. Nxe4 Bxe4 19. Rfe1 Ng6 20. Re3 Nf4 21. Rae1 Nxg2 22.
Kxg2 d5 23. cxd5 Qxd5 24. Kg1 Re6 25. Nh2 Rbe8 26. f3 Bg6 27. Rxe6 Rxe6 28.
Rxe6 fxe6 29. Kg2 e5 30. Nf1 exd4 31. Ne3 Qd6 32. Nf5 Bxf5 33. gxf5 c5 34. bxc5
Bxc5 35. Qd3 b5 36. Kf1 Qd5 37. Qe4 Qd7 38. Ke2 Qd6 39. Kd3 Bxa3 40. Bxd4 Bc1
41. Qe8+ Qf8 42. Qe6+ Qf7 43. Qc8+ Kh7 44. Qxc1 Qxf5+ 45. Ke2 Qxh3 46. Qc2+ Kh8
47. Qg6 Qd7 48. Qxh6+ Kg8 49. Qe3 b4 50. Qb3+ Kh7 51. Qxb4 a5 52. Qb1+ Kg8 53.
Qa1 Qe7+ 54. Kd3 Qb4 1-0

[Event "Oban Open"]
[Site "Oban"]
[Date "2015.11.22"]
[Round "5"]
[White "Berry, Neil"]
[Black "Greet, Andrew"]
[Result "1/2-1/2"]
[WhiteElo "2288"]
[BlackElo "2496"]
[PlyCount "73"]
[EventDate "2015.10.??"]
[EventType "swiss"]
[EventRounds "5"]
[EventCountry "SCO"]
[SourceDate "2015.12.10"]

1. d4 d5 2. c4 c6 3. Nf3 Nf6 4. Nc3 a6 5. c5 Nbd7 6. Bf4 Nh5 7. Bd2 Nhf6 8. Bf4
Nh5 9. Qd2 Nxf4 10. Qxf4 Nf6 11. Ne5 g6 12. e4 Be6 13. Bd3 dxe4 14. Nxe4 Nxe4
15. Bxe4 Qa5+ 16. Qd2 Qxd2+ 17. Kxd2 O-O-O 18. Kc3 Bg7 19. Rad1 f6 20. Nc4 Bxc4
21. Kxc4 f5 22. Bf3 e6 23. Rhe1 Rhe8 24. b4 Kc7 25. a4 b5+ 26. cxb6+ Kxb6 27.
Rd3 Rd6 28. a5+ Kc7 29. Red1 Red8 30. Be2 Bf6 31. h3 h5 32. Bf3 h4 33. Be2 R8d7
34. Bf3 Rd8 35. Be2 R8d7 36. Bf3 Rd8 37. Be2 1/2-1/2

[Event "Oban Open"]
[Site "Oban"]
[Date "2015.11.22"]
[Round "5"]
[White "Grant, Alan"]
[Black "Neave, George"]
[Result "0-1"]
[WhiteElo "1990"]
[BlackElo "2130"]
[PlyCount "46"]
[EventDate "2015.10.??"]
[EventType "swiss"]
[EventRounds "5"]
[EventCountry "SCO"]
[SourceDate "2015.12.10"]

1. d4 Nf6 2. Nf3 g6 3. c4 c5 4. Nc3 Bg7 5. g3 cxd4 6. Nxd4 O-O 7. Bg2 Nc6 8.
O-O Ng4 9. e3 d6 10. b3 Nge5 11. Bb2 Bg4 12. f3 Bd7 13. f4 Ng4 14. Qd2 Nxe3 15.
Nxc6 Nxf1 16. Nxd8 Nxd2 17. Nxb7 f5 18. Re1 Ne4 19. Bxe4 fxe4 20. Rxe4 Rab8 21.
Na5 e6 22. Nd1 Bxb2 23. Nxb2 Rf5 0-1

[Event "Oban Open"]
[Site "Oban"]
[Date "2015.11.22"]
[Round "5"]
[White "Thomson, Neil"]
[Black "Birkett, Richard"]
[Result "0-1"]
[WhiteElo "1976"]
[BlackElo "2061"]
[PlyCount "56"]
[EventDate "2015.10.??"]
[EventType "swiss"]
[EventRounds "5"]
[EventCountry "SCO"]
[SourceDate "2015.12.10"]

1. e4 e5 2. Nf3 Nc6 3. Bb5 a6 4. Ba4 d6 5. c3 Nge7 6. d4 Bd7 7. Nbd2 Ng6 8. Nf1
Be7 9. Ne3 O-O 10. O-O b5 11. Bc2 Nh4 12. d5 Nb8 13. Nxh4 Bxh4 14. f4 exf4 15.
Nf5 Bf6 16. Bxf4 Bxf5 17. exf5 Nd7 18. Qh5 Ne5 19. Rae1 Re8 20. Re3 Nd7 21. Rg3
Qe7 22. Bh6 Qe2 23. Rg4 Kh8 24. Bxg7+ Bxg7 25. f6 Qe3+ 26. Kh1 Nxf6 27. Qxf7
Nxg4 28. Bxh7 Qh6 0-1

[Event "Oban Open"]
[Site "Oban"]
[Date "2015.11.22"]
[Round "5"]
[White "Orr, Mark JL"]
[Black "Page, Mark"]
[Result "1/2-1/2"]
[WhiteElo "2169"]
[BlackElo "2047"]
[PlyCount "53"]
[EventDate "2015.10.??"]
[EventType "swiss"]
[EventRounds "5"]
[EventCountry "SCO"]
[SourceDate "2015.12.10"]

1. c4 e6 2. Nc3 f5 3. g3 Nf6 4. Bg2 Bb4 5. Nf3 O-O 6. O-O Nc6 7. b3 Bxc3 8.
dxc3 d6 9. Nd4 Ne7 10. Nc2 Rb8 11. Bg5 e5 12. f4 e4 13. Ne3 h6 14. Bxf6 Rxf6
15. Nd5 Nxd5 16. cxd5 c5 17. e3 Qe7 18. Rf2 Bd7 19. a4 Rff8 20. Bf1 Rfc8 21.
Bb5 a6 22. Bf1 Qf6 23. Qc1 Be8 24. Be2 Bf7 25. c4 h5 26. h4 a5 27. Ra2 1/2-1/2

[Event "Oban Open"]
[Site "Oban"]
[Date "2015.11.22"]
[Round "5"]
[White "Bamber, Elaine"]
[Black "Giulian, Rosemary"]
[Result "1/2-1/2"]
[WhiteElo "2106"]
[BlackElo "1831"]
[PlyCount "57"]
[EventDate "2015.10.??"]
[EventType "swiss"]
[EventRounds "5"]
[EventCountry "SCO"]
[SourceDate "2015.12.10"]

1. e4 e6 2. b3 d5 3. Bb2 Nf6 4. e5 Nfd7 5. Qg4 c5 6. f4 Nc6 7. Nf3 g6 8. c3 b6
9. h4 h5 10. Qg3 Ne7 11. Bd3 Nf5 12. Bxf5 gxf5 13. Na3 Ba6 14. Nc2 Qe7 15. Qg5
O-O-O 16. Qxe7 Bxe7 17. Ng5 Bxg5 18. hxg5 Bd3 19. Na3 Nf8 20. Rh3 Ba6 21. d4
Ng6 22. Bc1 cxd4 23. cxd4 Kd7 24. Bd2 Rc8 25. Kf2 h4 26. Ke3 Bb7 27. Nb5 Ba6
28. Nd6 Rcf8 29. Bb4 1/2-1/2

[Event "Oban Open"]
[Site "Oban"]
[Date "2015.11.22"]
[Round "5"]
[White "Romilly, PJ."]
[Black "Gillies, A."]
[Result "0-1"]
[WhiteElo "2057"]
[BlackElo "1908"]
[PlyCount "82"]
[EventDate "2015.10.??"]
[EventType "swiss"]
[EventRounds "5"]
[EventCountry "SCO"]
[SourceDate "2015.12.10"]

1. e4 d5 2. exd5 Nf6 3. c4 e6 4. dxe6 Nc6 5. exf7+ Kxf7 6. Nf3 Bc5 7. Be2 Re8
8. O-O Bf5 9. Nc3 Bd3 10. a3 Bxe2 11. Nxe2 Qd3 12. b4 Bd6 13. Ng3 Qxc4 14. Bb2
Qd5 15. Qc2 Ne5 16. Nxe5+ Bxe5 17. Bxe5 Qxe5 18. Qc4+ Kf8 19. d4 Qf4 20. b5 Re7
21. Qc5 b6 22. Qc6 Rae8 23. Rad1 h5 24. Rd3 h4 25. Rf3 Qg5 26. Nf5 Re1 27. Ne3
Rxf1+ 28. Kxf1 Kg8 29. Rf5 Qg6 30. Qf3 Qf7 31. d5 Qe7 32. g4 hxg3 33. hxg3 Qxa3
34. Kg2 Qd3 35. g4 Qxb5 36. g5 Ne4 37. g6 Nf6 38. Qh3 Qd7 39. Ng4 Qe7 40. Re5
Qxe5 41. Nxe5 Rxe5 {and Black won a few moves later.} 0-1

[Event "Oban Open"]
[Site "Oban"]
[Date "2015.11.22"]
[Round "5"]
[White "Robertson, Ian C"]
[Black "Robinson, Stephen"]
[Result "1-0"]
[WhiteElo "2085"]
[BlackElo "1753"]
[PlyCount "41"]
[EventDate "2015.10.??"]
[EventType "swiss"]
[EventRounds "5"]
[EventCountry "SCO"]
[SourceDate "2015.12.10"]

1. e4 e6 2. d4 d5 3. exd5 exd5 4. Nf3 c6 5. Bd3 Bd6 6. O-O Ne7 7. Re1 Bg4 8.
Nbd2 Qc7 9. h3 Bh5 10. c4 Bg6 11. Bxg6 hxg6 12. Qb3 Kf8 13. Ng5 Nd7 14. Ndf3
Nf6 15. c5 Bf4 16. Bxf4 Qxf4 17. Rxe7 Kxe7 18. Qxb7+ Nd7 19. Re1+ Kf6 20. Qxd7
Rhf8 21. Nh7# 1-0

[Event "Oban Open"]
[Site "Oban"]
[Date "2015.11.22"]
[Round "5"]
[White "Kefalas, Loukas"]
[Black "Toothill, John"]
[Result "1-0"]
[WhiteElo "1844"]
[BlackElo "2151"]
[PlyCount "39"]
[EventDate "2015.10.??"]
[EventType "swiss"]
[EventRounds "5"]
[EventCountry "SCO"]
[SourceDate "2015.12.10"]

1. e4 e5 2. Nf3 Nc6 3. Bb5 a6 4. Ba4 Nf6 5. d4 b5 6. Bb3 exd4 7. e5 Ne4 8. Bd5
Nc5 9. Nxd4 Bb7 10. O-O Qh4 11. Nf5 Qd8 12. Be3 Ne6 13. Nc3 Qc8 14. f4 g6 15.
Ng3 Ne7 16. Nge4 Nf5 17. Nf6+ Kd8 18. Bxb7 Nxe3 19. Qf3 Qb8 20. Bxa8 1-0

[Event "Oban Open"]
[Site "Oban"]
[Date "2015.11.22"]
[Round "5"]
[White "Sykes, Chris"]
[Black "Rutherford, William"]
[Result "1/2-1/2"]
[WhiteElo "1876"]
[BlackElo "2064"]
[PlyCount "43"]
[EventDate "2015.10.??"]
[EventType "swiss"]
[EventRounds "5"]
[EventCountry "SCO"]
[SourceDate "2015.12.10"]

1. d4 Nf6 2. Nc3 d5 3. Bg5 Bf5 4. Bxf6 gxf6 5. e3 e6 6. Bd3 Bxd3 7. Qxd3 c6 8.
O-O-O Nd7 9. e4 dxe4 10. Nxe4 Qa5 11. Kb1 O-O-O 12. Qf3 Be7 13. Ne2 f5 14. Nd2
h5 15. Rhe1 Qd5 16. Nf4 Qxf3 17. Nxf3 Bf6 18. Nd3 Rdg8 19. g3 h4 20. Re2 hxg3
21. fxg3 b5 22. c3 1/2-1/2

[Event "Oban Open"]
[Site "Oban"]
[Date "2015.11.22"]
[Round "5"]
[White "Bhopal, Raj"]
[Black "Newton, Andrew"]
[Result "0-1"]
[WhiteElo "1942"]
[BlackElo "1862"]
[PlyCount "107"]
[EventDate "2015.10.??"]
[EventType "swiss"]
[EventRounds "5"]
[EventCountry "SCO"]
[SourceDate "2015.12.10"]

1. Nf3 d5 2. d4 Nf6 3. Bf4 c5 4. e3 Qb6 5. Nc3 Qxb2 6. Nb5 Ne4 7. Nc7+ Kd8 8.
Bd3 Nc3 9. Qc1 Qb4 10. O-O c4 11. a3 Qa5 12. Nxa8 Na6 13. Qd2 f6 14. Nc7 Nxc7
15. Bxc7+ Kxc7 16. e4 e6 17. exd5 exd5 18. Rfe1 Bxa3 19. Qf4+ Kc6 20. Bf5 g5
21. Qb8 Bxf5 22. Qxh8 Ne4 23. Qe8+ Bd7 24. Qf7 g4 25. Nh4 Qc3 26. Qxh7 Qxc2 27.
Rf1 Qc3 28. Nf5 a5 29. Ne3 Be6 30. Rab1 Bb4 31. Rfd1 Nd2 32. Rbc1 Qb3 33. Qh8
Ne4 34. Qe8+ Bd7 35. Qf7 c3 36. Rc2 Bd6 37. f3 gxf3 38. gxf3 Ng5 39. Qxd5+ Qxd5
40. Rxc3+ Qc5 41. dxc5 Be5 42. Rcd3 Be6 43. Ng2 Nh3+ 44. Kf1 Bc4 45. Ke2 Bxd3+
46. Rxd3 Kxc5 47. Ra3 Kb4 48. Re3 Bxh2 49. Re4+ Kc5 50. Rh4 Ng1+ 51. Kf2 Be5
52. Kxg1 Bd4+ 53. Kf1 a4 54. Ke2 {and after quite a few more moves Black won
on time} 0-1

[Event "Oban Open"]
[Site "Oban"]
[Date "2015.11.22"]
[Round "5"]
[White "Dawson, Alastair"]
[Black "Slinger, Anthony"]
[Result "1/2-1/2"]
[WhiteElo "1861"]
[BlackElo "1926"]
[PlyCount "50"]
[EventDate "2015.10.??"]
[EventType "swiss"]
[EventRounds "5"]
[EventCountry "SCO"]
[SourceDate "2015.12.10"]

1. g3 Nf6 2. Bg2 d5 3. Nf3 g6 4. O-O Bg7 5. b3 O-O 6. Bb2 c6 7. c4 Nbd7 8. d4
b6 9. Nc3 Bb7 10. cxd5 cxd5 11. Qd3 a6 12. a4 Re8 13. Rac1 e6 14. Rc2 Rc8 15.
Rfc1 Nb8 16. Ne5 Nfd7 17. f4 Nxe5 18. fxe5 Nc6 19. Na2 Bf8 20. e3 Qd7 21. Qd2
Na5 22. Rxc8 Rxc8 23. Rxc8 Qxc8 24. Nc1 Nc6 25. Bf1 Na5 1/2-1/2

[Event "Oban Open"]
[Site "Oban"]
[Date "2015.11.22"]
[Round "5"]
[White "Marks, Ian A"]
[Black "Ridge, Michael"]
[Result "1-0"]
[WhiteElo "1802"]
[BlackElo "1916"]
[PlyCount "69"]
[EventDate "2015.10.??"]
[EventType "swiss"]
[EventRounds "5"]
[EventCountry "SCO"]
[SourceDate "2015.12.10"]

1. d4 Nf6 2. Nc3 d5 3. Bg5 e6 4. e4 Bb4 5. Nge2 dxe4 6. a3 Be7 7. Bxf6 Bxf6 8.
Nxe4 Be7 9. Nf4 O-O 10. c3 b6 11. Bd3 a5 12. Qf3 Ba6 13. Nf6+ Bxf6 14. Qxa8 e5
15. Bxa6 exf4 16. Be2 Re8 17. Qf3 Qe7 18. Kf1 c5 19. Bb5 cxd4 20. Bxe8 Qxe8 21.
Re1 Qb5+ 22. Qe2 Qxe2+ 23. Rxe2 Kf8 24. cxd4 Bxd4 25. Rd2 Nc6 26. Ke2 Bf6 27.
Rhd1 Ne5 28. b3 a4 29. bxa4 Nc4 30. Rd7 Nb2 31. Rc1 g6 32. Rcc7 Be5 33. Rxf7+
Kg8 34. Ra7 Nxa4 35. Rfe7 1-0

[Event "Oban Open"]
[Site "Oban"]
[Date "2015.11.22"]
[Round "5"]
[White "Phillips, David A"]
[Black "Jelfs, Alan"]
[Result "1-0"]
[WhiteElo "1985"]
[BlackElo "1840"]
[PlyCount "83"]
[EventDate "2015.10.??"]
[EventType "swiss"]
[EventRounds "5"]
[EventCountry "SCO"]
[SourceDate "2015.12.10"]

1. e4 e5 2. Nf3 Nc6 3. Bc4 Nf6 4. d3 Bc5 5. c3 d6 6. h3 O-O 7. Bb3 Qe7 8. Nbd2
b5 9. Nf1 Nd8 10. g4 Be6 11. Bc2 c6 12. Ng3 g6 13. Rg1 Nd7 14. Bh6 Re8 15. Nf5
Bxf5 16. gxf5 Nf8 17. h4 Kh8 18. Ng5 f6 19. Bb3 d5 20. Qf3 fxg5 21. Bxg5 Qf7
22. exd5 gxf5 23. dxc6 Nde6 24. Qg3 Ng6 25. h5 Ngf4 26. Kd2 Rg8 27. Bxe6 Qxe6
28. Qh4 Raf8 29. Rae1 Nd5 30. d4 Bd6 31. dxe5 Bc7 32. f4 h6 33. Bf6+ Rxf6 34.
Rxg8+ Qxg8 35. exf6 Bxf4+ 36. Kc2 Ne3+ 37. Kb1 Ng2 38. f7 Qxf7 39. Qd8+ Kg7 40.
Re7 Ne3 41. Rxf7+ Kxf7 42. c7 1-0

[Event "Oban Open"]
[Site "Oban"]
[Date "2015.11.22"]
[Round "5"]
[White "Murdochy, Shivan"]
[Black "Brown, Allan D"]
[Result "1-0"]
[WhiteElo "1912"]
[BlackElo "1695"]
[PlyCount "59"]
[EventDate "2015.10.??"]
[EventType "swiss"]
[EventRounds "5"]
[EventCountry "SCO"]
[SourceDate "2015.12.10"]

1. d4 d5 2. c4 e6 3. Nc3 Nf6 4. cxd5 exd5 5. Bg5 Be7 6. Qc2 O-O 7. e3 Nc6 8. a3
Re8 9. Bd3 h6 10. Bh4 Ne4 11. Bxe7 Rxe7 12. Nge2 Nxc3 13. bxc3 Na5 14. O-O Qe8
15. Ng3 g6 16. Rab1 c6 17. Rfe1 f5 18. Qd2 b5 19. f3 Kg7 20. Re2 Nc4 21. Bxc4
bxc4 22. Rbe1 Qf8 23. e4 f4 24. exd5 Rxe2 25. Nxe2 g5 26. dxc6 Bf5 27. d5 Qc5+
28. Qd4+ Qxd4+ 29. Nxd4 Kf6 30. Nxf5 1-0